Návrh rekonštrukcie dopravnej plochy v priestore železničnej stanice Trnava

Uložené v:
Podrobná bibliografia
Hlavný autor: Bachratá, Michaela, 1989- (Autor)
Ďalší autori: Zuzulová, Andrea, 1978- (Vedúci práce)
Médium: Rukopis Kniha
Jazyk:Slovak
Vydavateľské údaje: Bratislava : STU v Bratislave SvF, 2013
On-line prístup:VAIS
Tagy: Pridať tag
Žiadne tagy, Buďte prvý, kto otaguje tento záznam!

MARC

LEADER 00000ntm a22000003a 4500
001 stu271558
005 20150617230234.7
008 130719s2013----xo------------------slo-d
040 |a STU  |b slo 
041 0 |a slo 
044 |a xo 
100 1 |a Bachratá, Michaela,  |d 1989-  |4 aut  |u V  |T SvF Stavebná fakulta  |X 57913  |U V  |Y 10  |7 A000057913 
242 0 0 |a Proposal for reconstruction of transportation facilities in the area of the railway station Trnava  |y eng 
245 1 |a Návrh rekonštrukcie dopravnej plochy v priestore železničnej stanice Trnava 
260 |a Bratislava :  |b STU v Bratislave SvF,  |c 2013 
700 1 |a Zuzulová, Andrea,  |d 1978-  |4 ths  |u V120  |U SvF Stavebná fakulta  |T SvF Katedra dopravných stavieb  |X 921  |U V120  |Y 12  |7 A000000921 
856 4 |a info a plný text  |u http://is.stuba.sk/zp/portal_zp.pl?podrobnosti=93936  |3 VAIS